La muy lame[n]table conquista y cruenta batalla de Rhodas (Record no. 154117)

MARC details
000 -LEADER
campo de control de longitud fija 01388nam a2200265 i 4500
001 - NÚMERO DE CONTROL
campo de control 154117
003 - IDENTIFICADOR DE NÚMERO DE CONTROL
campo de control ES-MaACL
005 - FECHA Y HORA DE LA ÚLTIMA TRANSACCIÓN
campo de control 20230906205530.0
008 - DATOS DE LONGITUD FIJA--INFORMACIÓN GENERAL
campo de control de longitud fija 981022s1526 sp a |||| | spa d
100 1# - ENTRADA PRINCIPAL--NOMBRE DE PERSONA
Nombre de persona Fontanus, Jacobus.
9 (RLIN) 51623
245 13 - MENCIÓN DEL TÍTULO
Título La muy lame[n]table conquista y cruenta batalla de Rhodas
Resto del título : nueuame[n]te sacada de la le[n]gua latina en nuestro vulgar castellano y puesta por mejor modo que en el latin estaua /
Mención de responsabilidad, etc. por el bachiller Christoual de Arcos...
260 ## - PUBLICACIÓN, DISTRIBUCIÓN, ETC.
Lugar de publicación, distribución, etc. [Seuilla] :
Nombre del editor, distribuidor, etc. acabosse ... de imprimir ... en casa de Juan Varela de Salam¯aca vezino de ... Seuilla,
Fecha de publicación, distribución, etc. 1526, 15 Nouiembre.
300 ## - DESCRIPCIÓN FÍSICA
Extensión LXIIII h. :
Otras características físicas il. ;
Dimensiones 28 cm.
530 ## - NOTA DISPONIBLE DE FORMULARIO FÍSICO ADICIONAL
Nota de formato físico adicional disponible Disponible en formato digital.
594 ## - Nota al título y mención de responsabilidad
Nota al título y mención de responsabilidad El autor consta en la dedicatoria.
597 ## - NOTA DE DESCRIPCIÓN FÍSICA
NOTA DE DESCRIPCIÓN FÍSICA Sign.: a-H8.
597 ## - NOTA DE DESCRIPCIÓN FÍSICA
NOTA DE DESCRIPCIÓN FÍSICA Portada orlada xil. a dos tintas con escudo arzobispal. Letra gótica. Texto a dos columnas.
599 ## - NOTA A LAS ILUSTRACIONES
NOTA A LAS ILUSTRACIONES Ilustraciones xil.
610 24 - PUNTO DE ACCESO ADICIONAL DE MATERIA--NOMBRE DE ENTIDAD CORPORATIVA
Nombre de entidad corporativa o nombre de jurisdicción como elemento de entrada Orden de Malta-
Subdivisión geográfica Rodas-
Subdivisión de forma Historia.
9 (RLIN) 156779
651 #4 - PUNTO DE ACCESO ADICIONAL DE MATERIA--NOMBRE GEOGRÁFICO
Nombre geográfico Grecia-
Subdivisión general Historia-
Subdivisión cronológica 1453-1821.
9 (RLIN) 156780
700 1# - ENTRADA AGREGADA--NOMBRE PERSONAL
Nombre de persona Arcos, Cristobal de.
9 (RLIN) 22514
740 32 - ENTRADA AGREGADA--TÍTULO RELACIONADO/ANALÍTICO NO CONTROLADO
Título relacionado o analítico no controlado La muy lamentable conquista y cruenta batalla de Rhodas.
852 4# - LOCALIZACIÓN
Ubicación ES-MaACL
Número de control de estantería R-1005
Encuadernación Olim: G-9735
Nota libre (Hojas I-X deterioradas, afectando al texto)
-- - Enc.hol.
Encuadernación Olim: G-9735
856 4# - LOCALIZACIÓN Y ACCESO ELECTRÓNICOS
Identificador Uniforme de Recursos <a href="https://opacplus.bsb-muenchen.de/search?id=165863608&db=100&View=default">https://opacplus.bsb-muenchen.de/search?id=165863608&db=100&View=default</a>
Nota pública Europeana
Holdings
Estatus retirado Estado de pérdida Estado de daño No para préstamo Colección Biblioteca de origen Biblioteca actual Ubicación en estantería Fecha de adquisición Fuente de adquisición Total de préstamos Signatura topográfica completa Código de barras Visto por última vez Precio de reemplazo Tipo de ítem Koha
        Colección digital Biblioteca del Ateneo de Madrid Biblioteca del Ateneo de Madrid Depósito 17/01/2008     R-1005 1161150 23/02/2023 23/02/2023 Libro impreso antiguo